000 01262nam a22003377a 4500
003 CHAP
005 20220817044544.0
008 121011s2012 mx rs o00010 spa d
010 _a104065
011 _a105037
020 _a9786074943474
035 _a115729
040 _cCHAP
082 0 4 _a636.2072
_bI42
110 2 _aInstituto Nacional de Estadística y Geografía. México
245 1 3 _aLa ganadería bovina en los Estados Unidos Mexicanos :
_bCenso agropecurio 2007
_c/por Instituto Nacional de Estadística y Geografía y Universidad de Guadalajara
260 _aAguascalientes, Ags. :
_bInstituto Nacional de Estadística y Geografía,
_c2012
300 _avii, 67 p. :
_bgráfs.
590 _aBATCH-UPD
_b10
_c20130110
_lUCH01
_h0309
590 _aBATCH-UPD
_b10
_c20130110
_lUCH01
_h0326
590 _aBATCH-UPD
_b10
_c20130110
_lUCH01
_h0430
590 _aBATCH-UPD
_b10
_c20130409
_lUCH01
_h2214
590 _aBATCH-UPD
_b10
_c20130913
_lUCH01
_h2038
590 _aCONVERSION
_b10
_c20130109
_lUCH01
_h1357
650 0 4 _aCensos.
_920990
650 0 4 _aGanadería
_zMéxico.
_944867
710 0 _aUniversidad de Guadalajara.
901 _aBK
942 _cLIBRO
949 _a636.2072 I42
_bBC
_cINEGI
_d33724002350520
_eINEGI
_gDonaciØn
_h117427
_i115729
_st
999 _c104065
_d104065